|
|
|
|
| LEADER |
00752nam a2200145Ia 4500 |
| 001 |
TDMU_35408 |
| 008 |
210410s9999 xx 000 0 und d |
| 082 |
|
|
|a 330.9
|
| 100 |
|
|
|a Hồ, Minh Thông
|
| 245 |
|
0 |
|a Tác động của nước biển dâng lên xâm nhập mặn vào hệ thống sông Sài Gòn - Đồng Nai
|
| 245 |
|
0 |
|c Hồ Minh Thông, Nguyễn Thống
|
| 300 |
|
|
|a Tr.72-78
|
| 650 |
|
|
|a Môi trường; Biến đổi khí hậu; Nước biển dâng; Xâm nhập mặn; Thủy động lực học; Sông Sài Gòn - Đồng Nai
|
| 856 |
|
|
|u http://lrc.tdmu.edu.vn/opac/search/detail.asp?aID=2&ID=35408
|
| 980 |
|
|
|a Trung tâm Học liệu Trường Đại học Thủ Dầu Một
|